| 000 | 00672cab a2200217 4500 | ||
|---|---|---|---|
| 001 | WB2325-38 | ||
| 008 | 090401t1987 xxu||||| |||| 00| 0 eng d | ||
| 035 | _a(Sirsi) u26758 | ||
| 041 | _aeng | ||
| 245 | _aBillingsgate takeover move | ||
| 260 | _c1987 | ||
| 350 | _a0 | ||
| 490 |
_aFinancial Times _v25/6/87 p27 |
||
| 520 | _aBillingsgate City Securities, the only London-registered single asset property company , is in bid talks which may lead to an offer for the publicly traded part of its equity. | ||
| 650 | _aSAPCOS | ||
| 650 | _aSECURITISATION | ||
| 650 | _aUNITISATION | ||
| 690 | _aPROPERTY-COMMERCIAL PROPERTY | ||
| 942 | _n0 | ||
| 948 | _c04/03/1997 | ||
| 999 |
_c18012 _d18012 |
||